Noolppavakal(നൂൽപ്പാവകൾ) (Record no. 115373)

MARC details
000 -LEADER
fixed length control field 00432 a2200157 4500
005 - DATE AND TIME OF LATEST TRANSACTION
control field 20260413112531.0
008 - FIXED-LENGTH DATA ELEMENTS--GENERAL INFORMATION
fixed length control field 260410b |||||||| |||| 00| 0 eng d
020 ## - INTERNATIONAL STANDARD BOOK NUMBER
International Standard Book Number 9788197203398
080 ## - UNIVERSAL DECIMAL CLASSIFICATION NUMBER
Universal Decimal Classification number FM
Item number ASH/N
100 ## - MAIN ENTRY--PERSONAL NAME
Personal name Asha, Abhilash
245 ## - TITLE STATEMENT
Title Noolppavakal(നൂൽപ്പാവകൾ)
260 ## - PUBLICATION, DISTRIBUTION, ETC. (IMPRINT)
Name of publisher, distributor, etc Mankind Literature.
Place of publication, distribution, etc Calicut.
Date of publication, distribution, etc 2024.
300 ## - PHYSICAL DESCRIPTION
Extent 272p.
653 ## - INDEX TERM--UNCONTROLLED
Uncontrolled term Fiction-Novel-Malayalam Literature
942 ## - ADDED ENTRY ELEMENTS (KOHA)
item type Books
Holdings
Lost status Source of classification or shelving scheme Not for loan Home library Current library Date acquired Cost, normal purchase price Total Checkouts Full call number Barcode Date last seen Cost, replacement price Price effective from Koha item type Public note
  Universal Decimal Classification Not For Loan University Library University Library 03/03/2026 313.35   FM ASH/N 00097456 03/03/2026 470.00 03/03/2026 Books Processing
University Library, CUSAT